[Event "Asian Junior Chess Championship 2018"]
[Site "Central Palace of Culture of Mongolian Trade Union, Ulaanbaatar, Mongolia"]
[Date "2018.08.25"]
[Round "9"]
[Board "15"]
[White "Amartuvshin, Naransolongo"]
[Black "Chan, Lyanna"]
[Result "1-0"]
[WhiteElo "1262"]
[BlackElo "1324"]
[PlyCount "0"]
[EventDate "2018.08.19"]
[EventRounds "9"]
[EventCountry "MGL"]

1. e4 d6 2. d4 Nf6 3. Nc3 g6 4. f4 Bg7 5. Nf3 O-O 6. Be2 Bg4 7. O-O Nc6 8. h3
Bxf3 9. Bxf3 e5 10. d5 Nd4 11. fxe5 dxe5 12. Be3 c5 13. Qd2 Re8 14. Qf2 h6 15.
Be2 Nxc2 16. Rad1 Nxe3 17. Qxe3 Nd7 18. Bb5 Rc8 19. Qf3 Rf8 20. Na4 a6 21. Bxd7
Rb8 22. Nxc5 Qb6 23. Qf2 Rbd8 24. Ba4 Qb4 25. a3 Qb6 26. Nd3 Qd4 27. Qxd4 exd4
28. Nf4 b5 29. Bb3 Rfe8 30. Rfe1 Re7 31. Nd3 Rde8 32. e5 Bxe5 33. Nxe5 Rxe5 34.
Rxe5 Rxe5 35. Rxd4 Re2 36. d6 Rxb2 37. Rd3 Rxb3 38. Rxb3 Kf8 39. Re3 b4 40. d7
b3 41. d8=Q+ Kg7 42. Qd4+ Kf8 43. Qh8#  1-0